Správny poriadok s komentárom

Úplné znenie zákona č. 71/1967 Zb. o správnom konaní (Správny poriadok) s komentárom. Správne orgány a účastníci konania. Priebeh konania. Preskúmanie rozhodnutí. Výkon rozhodnutí.

Gespeichert in:
Bibliographische Detailangaben
1. Verfasser: Kriška, Peter
Format: Buchkapitel
Sprache:Slowakisch
Schlagworte:
Tags: Tag hinzufügen
Keine Tags, Fügen Sie das erste Tag hinzu!

MARC

LEADER 00000naa a2200000 4500
001 r038368
005 20230919090833.7
041 0 |a slo 
044 |a SK 
245 1 0 |a Správny poriadok s komentárom  |c Peter Kriška 
520 |a Úplné znenie zákona č. 71/1967 Zb. o správnom konaní (Správny poriadok) s komentárom. Správne orgány a účastníci konania. Priebeh konania. Preskúmanie rozhodnutí. Výkon rozhodnutí. 
610 2 0 |a právo správne 
610 2 0 |a správa štátna 
610 2 0 |a orgány štátne 
610 2 0 |a zákony 
610 2 0 |a Slovensko 
610 2 0 |a komentáre 
610 2 0 |a 1967 
100 1 |a Kriška, Peter